[Event "Chakradharpur op"]
[Site "Chakradharpur"]
[Date "2007.11.02"]
[Round "8"]
[White "Tej Kumar, MS."]
[Black "Sangma, Rahul"]
[Result "1-0"]
[WhiteElo "2355"]
[BlackElo "2318"]
[PlyCount "122"]
[EventDate "2007.10.28"]
[EventType "swiss"]
[EventRounds "11"]
[EventCountry "IND"]
[SourceTitle "EXT 2010"]
[Source "ChessBase"]
[SourceDate "2010.11.25"]
[SourceVersion "1"]
[SourceVersionDate "2010.11.25"]
[SourceQuality "1"]

1. d4 Nf6 2. Nf3 e6 3. c4 b6 4. e3 Bb7 5. Bd3 Be7 6. 0-0 0-0 7. Nc3 d5 8. cxd5 exd5 9. b3 Nbd7 10. Bb2 c5 11. Rc1 Rc8 12. Ne2 Ne4 13. Nf4 Bd6 14. Ne5 Qe7 15. Nxd7 Qxd7 16. dxc5 bxc5 17. Bxe4 dxe4 18. Be5 Rfd8 19. Bxd6 Qxd6 20. Qxd6 Rxd6 21. Rfd1 Rcd8 22. Rxd6 Rxd6 23. h4 Rc6 24. Rd1 g6 25. Rd7 Ba6 26. Nd5 Kg7 27. Nc3 Bd3 28. Rxa7 Kf6 29. Kh2 h6 30. Kg3 g5 31. hxg5+ hxg5 32. f3 exf3 33. gxf3 Ke6 34. Kg4 f6 35. Ra8 Bf5+ 36. Kg3 Kf7 37. Ra7+ Kf8 38. Nd5 Rd6 39. e4 Bg6 40. Nc7 Bh5 41. Nd5 Bf7 42. Ra8+ Kg7 43. Ne3 Be6 44. Ra7+ Kg6 45. Rc7 Rd3 46. Ng4 Rc3 47. Rc6 Kf7 48. Nh6+ Ke7 49. Nf5+ Kf7 50. Rc7+ Kf8 51. Nh6 Rc2 52. Ra7 Re2 53. Ng4 f5 54. exf5 Bxf5 55. Ra5 Be6 56. Nf6 Rc2 57. Nh7+ Ke7 58. Nxg5 Bd5 59. Kf4 Rc3 60. Ne4 Bxe4 61. fxe4 c4 1-0

[Event "IND-ch U25"]
[Site "India"]
[Date "2000.12.23"]
[Round "2"]
[White "Pramod, N."]
[Black "Tej Kumar, MS."]
[Result "1/2-1/2"]
[WhiteElo "2115"]
[BlackElo "2265"]
[PlyCount "49"]
[EventDate "2000.12.??"]
[EventType "swiss"]
[EventRounds "9"]
[EventCountry "IND"]
[SourceTitle "EXT 2006"]
[Source "ChessBase"]
[SourceDate "2005.11.24"]
[SourceVersion "1"]
[SourceVersionDate "2005.11.24"]
[SourceQuality "1"]

1. d4 d5 2. c4 e6 3. Nf3 Nf6 4. Bg5 Be7 5. e3 Nbd7 6. Nc3 0-0 7. Bd3 dxc4 8. Bxc4 c5 9. 0-0 a6 10. a4 cxd4 11. Qxd4 h6 12. Bh4 Nb6 13. Bb3 Qxd4 14. Nxd4 Nbd7 15. Rfd1 Nc5 16. Bc2 e5 17. Nb3 Be6 18. Nxc5 Bxc5 19. Bxf6 gxf6 20. Nd5 Kg7 21. Nc7 Rad8 22. Nxe6+ fxe6 23. Rxd8 Rxd8 24. Rd1 Rxd1+ 25. Bxd1 1/2-1/2